<?xml version="1.0" encoding="UTF-8"?><?xml-stylesheet type="text/xsl" href="static/style.xsl"?><OAI-PMH xmlns="http://www.openarchives.org/OAI/2.0/" xmlns:xsi="http://www.w3.org/2001/XMLSchema-instance" xsi:schemaLocation="http://www.openarchives.org/OAI/2.0/ http://www.openarchives.org/OAI/2.0/OAI-PMH.xsd"><responseDate>2026-04-17T20:15:31Z</responseDate><request verb="GetRecord" identifier="oai:www.recercat.cat:2445/222055" metadataPrefix="marc">https://recercat.cat/oai/request</request><GetRecord><record><header><identifier>oai:recercat.cat:2445/222055</identifier><datestamp>2025-12-10T00:35:01Z</datestamp><setSpec>com_2072_1057</setSpec><setSpec>col_2072_478917</setSpec></header><metadata><record xmlns="http://www.loc.gov/MARC21/slim" xmlns:dcterms="http://purl.org/dc/terms/" xmlns:xsi="http://www.w3.org/2001/XMLSchema-instance" xmlns:doc="http://www.lyncode.com/xoai" xsi:schemaLocation="http://www.loc.gov/MARC21/slim http://www.loc.gov/standards/marcxml/schema/MARC21slim.xsd">
   <leader>00925njm 22002777a 4500</leader>
   <datafield ind2=" " ind1=" " tag="042">
      <subfield code="a">dc</subfield>
   </datafield>
   <datafield ind2=" " ind1=" " tag="720">
      <subfield code="a">Olmo Campillo, Gemma del</subfield>
      <subfield code="e">author</subfield>
   </datafield>
   <datafield ind2=" " ind1=" " tag="260">
      <subfield code="c">2025-07-07T16:30:25Z</subfield>
   </datafield>
   <datafield ind2=" " ind1=" " tag="260">
      <subfield code="c">2025-07-07T16:30:25Z</subfield>
   </datafield>
   <datafield ind2=" " ind1=" " tag="260">
      <subfield code="c">2012-08</subfield>
   </datafield>
   <datafield ind2=" " ind1=" " tag="520">
      <subfield code="a">La entrevista de Pilar Trenas a María Zambrano es una grabación que&#xd;
hace un recorrido por su pensamiento de una forma muy amena, aunque sin&#xd;
descuidar los puntos fundamentales de su filosofía y sin olvidar la imbricación de su pensamiento con su vida. No obstante, tanto las cartas escritas al poeta Luis Álvarez-&#xd;
Piñer como la entrevista de Pilar Trenas son documentos que precisan, en mi&#xd;
opinión, una pequeña introducción al pensamiento de María Zambrano donde se&#xd;
recojan algunas de sus ideas más relevantes, para facilitar así su comprensión. La&#xd;
presente introducción, por tanto, no pretende ser una exposición exhaustiva de su&#xd;
filosofía, sino que aspira a hacer un pequeño acercamiento a alguna de sus ideas&#xd;
clave para hacer más fácil la comprensión tanto de la entrevista como de las cartas,&#xd;
así como mostrar, por qué no, la vigencia de este pensamiento en la actualidad,&#xd;
incluyendo los aspectos más místicos. Dicha vigencia, probablemente, se debe a la&#xd;
estrecha vinculación de su vida y su obra, o de otra manera, al enraizamiento de su&#xd;
pensamiento con la realidad que le tocó vivir, una realidad difícil que abrió un&#xd;
horizonte interpretativo que, a su vez, a mi juicio, resulta útil a la hora de entender y&#xd;
reflexionar sobre la realidad que a cada cual le toca vivir, porque se basa en&#xd;
experiencias comunes a muchos seres humanos.</subfield>
   </datafield>
   <datafield tag="653" ind2=" " ind1=" ">
      <subfield code="a">Entrevistes (Televisió)</subfield>
   </datafield>
   <datafield tag="653" ind2=" " ind1=" ">
      <subfield code="a">Television interviews</subfield>
   </datafield>
   <datafield tag="653" ind2=" " ind1=" ">
      <subfield code="a">Zambrano, María, 1904-1991</subfield>
   </datafield>
   <datafield ind2="0" ind1="0" tag="245">
      <subfield code="a">MARÍA ZAMBRANO. Entrevista a María Zambrano (1904-1991), a cargo de Pilar Trenas, emitida en el programa "Muy personal" (1988) de Televisión Española</subfield>
   </datafield>
</record></metadata></record></GetRecord></OAI-PMH>